Control Systems Engineering / (رقم التسجيلة. 31339)

تفاصيل مارك
000 -الفاتح
حقل البيانات ثابتة الطول 00640nam a2200229 a 4500
001 - رقم الضبط
رقم الضبط ASIN0198084560
003 - محدد رقم الضبط
رقم الضبط OSt
005 - وقت وتاريخ اخر تعامل مع التسجيلة
رقم الضبط 20150408114143.0
008 - عناصر البيانات ثابتة الطول - معلومات عامة
حقل البيانات ثابتة الطول 130927s2013 xxu eng d
020 ## - الرقم الدولى المعيارى للكتب
الرقم الدولى المعيارى للكتاب 9789350143834
040 ## - مصدر الفهرسة
وكالة الفهرسة الأصلية Ma-Un
082 04 - رقم تصنيف ديوى العشرى
رقم التصنيف 629.8312
100 1# - المدخل الرئيسى - إسم شخصى
الإسم الشخصى Panda, S.
9 (RLIN) 37949
245 10 - بيان العنوان
العنوان Control Systems Engineering /
بيان المسئوليه,etc S. Panda, S. Padhy and S.R. Das
260 ## - PUBLICATION, DISTRIBUTION, ETC. (IMPRINT)
مكان الناشر او الموزع New Delhi:
اسم الناشر او الموزع S. K. Kataria & Sons
تاريخ النشر أو التوزيع 2013.
300 ## - الوصف المادى
التعداد 357 p. ;
أبعاد الوعاء 25 cm.
650 #0 - المدخل الاضافى بالموضوع-مصطلح موضوعى
مصطلح موضوعي أو اسم جغرافي كعنصر مدخل Automatic control
9 (RLIN) 4843
650 #0 - المدخل الاضافى بالموضوع-مصطلح موضوعى
مصطلح موضوعي أو اسم جغرافي كعنصر مدخل Systems engineering
9 (RLIN) 36342
700 ## - المدخل الاضافى - اسم شخصى
الإسم الشخصى Padhy , S. .
9 (RLIN) 38030
700 ## - المدخل الاضافى - اسم شخصى
الإسم الشخصى Das S. R.
9 (RLIN) 38031
942 ## - عناصر المدخل الإضافي( كوها)
مصدر التصنيف او مخطط الترفيف Dewey Decimal Classification
Koha [default] item type كتاب
المقتنيات
حالة الفقد نموذج السعر الفعال حالة تلف ليس للاعارة رقم الطلب رقم النسخة تاريخ الاكتساب الموقع الحالي الباركود الفرع الرئيسي Date last seen نوع المادة فى نظام كوها مصدر التصنيف او خطة الترفيف Total Checkouts Date last checked out
  2013-10-20     629.8312 PSC n1 2013-10-20 المكتبة المركزية بالمجمعة (CL) 00451526 المكتبة المركزية بالمجمعة (CL) 2016-04-03 كتاب Dewey Decimal Classification    
  2013-10-20     629.8312 PSC n2 2013-10-20 المكتبة المركزية بالمجمعة (CL) 00451527 المكتبة المركزية بالمجمعة (CL) 2016-01-04 كتاب Dewey Decimal Classification 1 2015-08-27
  2013-10-20   Not For Loan 629.8312 PSC n3 2013-10-20 المكتبة المركزية بالمجمعة (CL) 00451529 المكتبة المركزية بالمجمعة (CL) 2013-10-20 كتاب Dewey Decimal Classification    
  2013-10-20     629.8312 PSC n1 2013-10-20 مكتبة مجمع الكليات بالزلفى - طلاب (SZM) 00451530 مكتبة مجمع الكليات بالزلفى - طلاب (SZM) 2013-10-20 كتاب Dewey Decimal Classification    
  2013-10-20     629.8312 PSC n2 2013-10-20 مكتبة مجمع الكليات بالزلفى - طلاب (SZM) 00451528 مكتبة مجمع الكليات بالزلفى - طلاب (SZM) 2013-10-20 كتاب Dewey Decimal Classification    
  2013-10-20   Not For Loan 629.8312 PSC n3 2013-10-20 مكتبة مجمع الكليات بالزلفى - طلاب (SZM) 00451531 مكتبة مجمع الكليات بالزلفى - طلاب (SZM) 2013-10-20 كتاب Dewey Decimal Classification